|
|
|
|
| LEADER |
00000cam a2200000 7i4500 |
| 001 |
0000001207 |
| 005 |
20140205.0 |
| 090 |
0 |
0 |
|a 333.7
|b WOO 2000
|
| 245 |
0 |
0 |
|a WOOD energy, climate and health :
|b An International Expert Consultation, Phuket, Thailand, 7-9 October 1999
|
| 260 |
0 |
0 |
|a Bangkok, Thailand :
|b Regional Wood Energy Development Programme in Asia ,
|c 2000
|
| 300 |
|
|
|a iv, 154 p. :
|b ill. (some col.) ;
|c 28 cm.
|
| 440 |
0 |
0 |
|a Field document no. 58
|
| 650 |
0 |
0 |
|a Climatology
|
| 650 |
0 |
0 |
|a Health
|
| 650 |
0 |
0 |
|a Wood as fuel
|
| 710 |
1 |
1 |
|a Food and Agriculture Organization of the United Nations (FAO)
|
| 710 |
1 |
1 |
|a Regional Wood Energy Development Programme in Asia
|
| 998 |
|
|
|a JPSM
|
| 999 |
|
|
|a 0000002382
|b Monograph
|c Open Shelf
|e Default branch
|